[Event "SCG-ch 1st"]
[Site "Kopaonik"]
[Date "2005.04.12"]
[Round "10"]
[White "Perunovic, Milos"]
[Black "Nadj Hedjesi, Balind"]
[Result "1-0"]
[WhiteElo "2549"]
[BlackElo "2392"]
[Annotator "Gofshtein,L"]
[PlyCount "57"]
[EventDate "2005.04.02"]
[EventType "tourn"]
[EventRounds "13"]
[EventCountry "YUG"]
[EventCategory "11"]
[SourceTitle "CBM 107"]
[Source "ChessBase"]
[SourceDate "2005.08.01"]
[SourceVersion "1"]
[SourceVersionDate "2005.08.01"]
[SourceQuality "1"]

1. e4 c5 2. Nf3 d6 3. d4 cxd4 4. Nxd4 Nf6 5. Nc3 Bd7 {A very rare line.
Strangely enough the statistics are in Black's favour.} 6. Bg5 e6 7. Ndb5 {
White tries to exploit Black's 5th move and is not satisified with a simple 7.
Qd2.} Bc6 (7... Bxb5 {is possible, although White is a little better after} 8.
Bxb5+ Nc6 9. Qd2 (9. Qf3 $5) 9... Be7 10. O-O-O) 8. Bxf6 {The main move, white
doubles up the black pawns which is typical for the Rauzer variation.} (8. Bf4
$6 e5 9. Bg5 a6 10. Bxf6 gxf6 {and black gets a fine version of the Sveshnikov.
}) 8... gxf6 9. Qh5 (9. Bc4 {seems weaker, Black takes advantage of the
position of the white bishop in order to gain a tempi on the queen maneovre
Qd8-c8-c5.} a6 10. Nd4 Bd7 (10... b5 $2 11. Bxe6 fxe6 12. Nxe6 Qe7 13. Nd5 $1
$44) 11. Qh5 {threatening to take on e6.} Qc8 $1 12. Bb3 Qc5 {with mutual
chances}) 9... a6 (9... Na6 10. O-O-O Nc5 11. Bc4 Qd7 12. Rhe1 a6 13. Nd4 O-O-O
14. f4 Kb8 15. f5 $16 {Kotronias,V-Efimov,I/Peer Gynt (3)/1991/1-0 (28)}) 10.
Nd4 Bd7 11. O-O-O Nc6 12. Nb3 {A typical Rauzer position has arised, White is
a little better.} (12. Bc4 $2 {allows Black} Qa5 $1 {and White can't avoid the
endgame since after} 13. Qe2 $2 (13. Qxa5 Nxa5 {and Black has a very pleasent
ending.}) {Black can just grab the pawn with} 13... Qg5+ 14. Kb1 (14. Qd2 $4
Qxd2+ 15. Rxd2 Bh6 $19) 14... Nxd4 15. Rxd4 Qxg2 {0-1 Luther,T-Kupreichik,V/
Minsk 1994/CBM 42/[Boensch,U] (45)}) (12. Nxc6 {is another possible move.} bxc6
(12... Bxc6 13. Bc4 Qd7 14. Rhe1 {/\ f4-f5+/=}) 13. Bc4 (13. h4 {white won a
very nice game with this move, but black's play could be improved} Qb6 14. Rh3
c5 (14... Rb8 $5) 15. Rf3 Be7 16. e5 $1 dxe5 17. Rxd7 Kxd7 18. Qxf7 Ra7 19. Bc4
Kd8 20. Bxe6 c4 21. Bxc4 Rd7 22. Nd5 Qa5 23. b4 Qa4 24. Nb6 Qxb4 25. Nxd7 Kxd7
26. Rb3 {1-0 Ganguly,S-Zugic,I/Calvia ESP 2004/The Week in Chess 521 (26)})
13... Qb6 (13... d5 $2 14. exd5 cxd5 15. Nxd5 $18) 14. Rhf1 Rb8 {with a double
edged position.}) 12... Qb6 (12... b5 13. f4 Qc8 $6 14. f5 $16 {1-0 Stripunsky,
A-Balashov,A/Minsk 1996/EXT 2000 (23). 1-0 Ivanovic,B-Kupreichik,V/Becici 1994/
EXT 2000 (77)}) 13. Rd2 O-O-O $6 (13... Rc8 {trying to start a counterplay on
the queenside was better.}) 14. Kb1 {Now the f7 pawn is really hanging.} (14.
Qxf7 $2 Bh6) 14... Ne5 15. f4 {White is clearly better.} Ng6 16. g3 {White
carries out his usual plan in this position: The bishop attacks the e6-pawn
from h3, the rooks are doubled on the d-file and the knight attacks the e6
pawn from d4.} Be7 {Probably black should have looked for complication with 16.
..Bc6 which is messy but White still keeps an advantage.} (16... Bc6 17. Bh3 f5
18. Nd5 $1 (18. Re1 fxe4 19. f5 {is also possible, White keeps the initiative.}
) 18... Qa7 (18... exd5 19. exf5 Kb8 20. fxg6 fxg6 21. Qd1 $1 {attacking the
d5 pawn, with big advantage.}) 19. exf5 Bxd5 20. Rxd5 Nxf4 21. gxf4 exd5 22.
Qxf7 {White has very good compensation for the exchange.}) 17. Bh3 Kb8 18. Rhd1
Bc8 (18... Rc8 $2 {allows a nice blow} 19. Nd5 $1) 19. a3 Qc7 {Black is
deprived from any counterplay and has just to wait and see what White decides
to do.} 20. Rd3 {White is in no hurry and simply improves the position of his
pieces.} b6 $6 {weakening Black's position even more.} 21. Nd4 Ka8 22. f5 $1 {
The final breakthrough, Black is collapsing.} Ne5 (22... e5 23. Nd5 Qb7 24. Ne2
Rdg8 25. Rc3 {is totally winning for white} (25. Rb3 $5)) 23. fxe6 {White
sacrifices an exchange but gains control over all the white squares in the
position.} fxe6 24. Bxe6 Nxd3 25. Rxd3 h6 (25... Rde8 26. Bf7 Ref8 27. Bd5+ Bb7
28. Ne6 {winning}) (25... Bb7 26. Nd5 $18) 26. Bd5+ Bb7 27. Ne6 Qd7 28. Nxd8
Bxd8 29. Bxb7+ 1-0

[Event "Villa Martelli"]
[Site "Villa Martelli"]
[Date "1997.06.04"]
[Round "4"]
[White "Ginzburg, Maximiliano"]
[Black "Milos, Gilberto"]
[Result "0-1"]
[WhiteElo "2450"]
[BlackElo "2605"]
[Annotator "Gofshtein,L"]
[PlyCount "96"]
[EventDate "1997.06.01"]
[EventType "tourn"]
[EventRounds "11"]
[EventCountry "ARG"]
[EventCategory "13"]
[SourceTitle "CBM 060"]
[Source "ChessBase"]
[SourceDate "1997.09.29"]
[SourceVersion "1"]
[SourceVersionDate "1997.09.29"]
[SourceQuality "1"]

1. e4 c5 2. Nf3 Nc6 3. d4 cxd4 4. Nxd4 Nf6 5. Nc3 d6 6. Bg5 Bd7 7. Be2 (7. Qd2)
7... a6 (7... Qa5 8. Bxf6 gxf6 9. O-O Nxd4 10. Qxd4 Rc8 11. Nd5 Qc5 12. Qd3 $1
Qxc2 13. Qe3 Qc5 14. Qb3 $1 Bg7 15. Qxb7 e6 16. Bb5 Qxb5 17. Qxc8+ $18 {
Kotronias-Delchev,Periesteri1996}) 8. Bxf6 gxf6 9. O-O (9. Nf5 $142 $1 Rc8 10.
O-O Bxf5 11. exf5 Bh6 12. Qd3 O-O 13. Nd5 Kh8 14. Qh3 Bg7 15. Rad1 Rg8 16. Bh5
Qf8 17. Rfe1 Bh6 18. f4 Rg7 19. c3 $16 {Vitolinsh-Tseskovsky,Riga81}) 9... e6 (
9... Qb6 $143 10. Nf5 $1 O-O-O (10... e6 $5 11. Nxd6+ Bxd6 12. Qxd6 Qxb2 13.
Rfd1 Rd8 14. Qg3 $1 Qa3 15. Bh5 $14) 11. a4 $1 Nb4 12. a5 Qc7 13. Na4 e6 (13...
Qxa5 14. c3 $1 Nc6 15. b4 Qc7 16. Qb3) 14. Nd4 Bxa4 15. Rxa4 d5 16. c3 Nc6 17.
exd5 $16 {Kupreichik-Kuzmin,1982 Minsk}) 10. Bh5 $6 {not good new} (10. Nb3 Be7
11. f4 O-O 12. Bd3 Kh8 13. Qh5 Rg8 14. e5 f5 15. exd6 Bxd6 16. Rad1 Rg6 $132 {
Slipak-Franko,Palma de Majorca,1991}) (10. Kh1 Be7 11. f4 Qb6 12. Nb3 Rg8 13.
Qe1 O-O-O 14. a4 Nb4 15. a5 Qc7 16. Qf2 Kb8 $132 {Armas-Menchik,Havana 1980})
10... Be7 11. Kh1 $6 (11. Nb3 $5) 11... Nxd4 12. Qxd4 Qa5 13. Be2 Rc8 14. f4
Qc5 15. Qd2 (15. Qd3 $5) 15... Bc6 $15 16. f5 $6 (16. Rab1 $142) 16... h5 17.
Rf4 (17. Bf3 $142) 17... Qe5 18. Raf1 (18. Rh4 Kd7 19. Bxh5 Rcg8 $17) 18... Kd7
$1 $17 19. Bf3 $6 (19. Rh4 $142 Rcg8 20. Qd3 Rg5 21. Qh3) 19... Bd8 20. Nd1 Bb6
21. c3 (21. Rh4 $142 Rcd8 22. c4) 21... Rcd8 22. Rh4 Kc8 23. c4 (23. Ne3 exf5 (
23... Qc5 24. Re1) (23... Bxe3 24. Qxe3 exf5 25. Qf4 Qb5 $17) 24. Nxf5 d5 $17)
(23. Nf2 d5 $17) 23... exf5 24. Nc3 (24. exf5 Bxf3 25. Rxf3 Rde8 26. Rf1 Qe2
$17) 24... Ba5 (24... Rde8 $143 25. Nd5 $132) 25. exf5 (25. Re1 Rde8) 25...
Bxc3 26. bxc3 (26. Qxc3 $142 Qxc3 (26... Qxf5 $2 27. Bg4) 27. bxc3 Bxf3 28.
Rxf3 Rde8 $17) 26... Bxf3 27. Rxf3 Rde8 28. Rf1 (28. h3 Qe2 29. Qxe2 Rxe2 $17
30. Kh2 Rxa2) 28... Qe2 29. Qxe2 Rxe2 30. g4 (30. a4 Ra2 31. Rd4 Kc7 32. Rfd1
Re8 33. h3 Rxa4 34. Rxd6 Re7 35. c5 Rc4 $17) 30... Rxa2 31. Rxh5 (31. gxh5 Rh6
$17) 31... Rg8 32. Rg1 (32. h3 Rc2) 32... Ra4 33. h4 (33. g5 fxg5 (33... Rxc4
34. g6) 34. Rhxg5 Rxg5 35. Rxg5 Rxc4 36. Rg7 a5 37. Rxf7 Rxc3 $19) 33... Rxc4
34. g5 Rxc3 35. Kh2 (35. g6 fxg6 36. fxg6 Rh3+ 37. Kg2 Rxg6+ 38. Kxh3 Rxg1 $19)
35... fxg5 36. hxg5 Rc5 $19 37. f6 Kd7 38. Kh3 Rf5 39. Rg4 Rf1 40. Re4 Rh1+ 41.
Kg4 Rg1+ 42. Kf5 Rf1+ 43. Rf4 Re1 44. Re4 Rxe4 45. Kxe4 Ke6 46. Kf4 Rc8 47. Rh7
Rc4+ 48. Kf3 b5 0-1

[Event "Stuttgart-chA int"]
[Site "Ditzingen"]
[Date "2005.05.08"]
[Round "7"]
[White "Meijers, Viesturs"]
[Black "Ivanov, Mikhail M"]
[Result "1-0"]
[WhiteElo "2486"]
[BlackElo "2418"]
[Annotator "Gutman,L"]
[PlyCount "57"]
[EventDate "2005.05.05"]
[EventType "swiss"]
[EventRounds "7"]
[EventCountry "GER"]
[SourceTitle "CBM 106 Extra"]
[Source "ChessBase"]
[SourceDate "2005.07.01"]
[SourceVersion "1"]
[SourceVersionDate "2005.07.01"]
[SourceQuality "1"]

1. e4 c5 2. Nf3 d6 3. d4 cxd4 4. Nxd4 Nf6 5. Nc3 Nc6 6. Bg5 g6 7. Bb5 Bd7 8.
Bxf6 exf6 9. Qd2 $5 {Ein alter Zug, mit einer neuen Idee.} (9. Nde2 Be6 10. Nf4
Bg7 11. Qd3 O-O 12. Nxe6 fxe6 13. Rd1 f5 14. Bxc6 bxc6 15. Qxd6 Qb6 16. O-O
Qxb2 {Nataf-Nisipeanu, BL 2004}) 9... a6 (9... Bg7 10. O-O-O $5 (10. O-O O-O
11. Nb3 Be6 12. Rad1 f5 13. Bxc6 bxc6 14. Nd4 Qb6 15. exf5 Bc4 16. Rfe1 Qxb2 {
Novopashin-Chernikov, Dnepropetrovsk 1964})) 10. Ba4 Bg7 11. O-O-O $5 f5 $2 ({
Notwendig war} 11... O-O 12. Nxc6 Bxc6 13. Bxc6 bxc6 14. Qxd6 Qa5 15. Qxc6 $5 (
15. f4 Rab8 16. g3 (16. Rd3 Rfd8 17. Qxc6 Rxd3 18. cxd3 f5 19. a3 Qd8 20. Kc2
Qd4) 16... Qb6 17. Qa3 f5 18. e5 a5 19. Rd7 Qb4) 15... Rfc8 (15... f5 16. Rd5
Qb4 17. a3 Qb8 18. Rc5 Qf4+ 19. Kb1 Qxf2 20. exf5) 16. Rd5 Qb4 17. Qd6) 12.
Bxc6 Bxc6 13. Nxc6 bxc6 14. Qxd6 Qxd6 15. Rxd6 Bxc3 16. bxc3 fxe4 17. Re1 f5
18. f3 {Mit einem trostlosen Endspiel für Schwarz.} Ke7 19. Rxc6 Rhc8 20. Rb6
$1 (20. Rxc8 Rxc8 21. fxe4 f4 22. Rf1 g5 23. h4 h6 24. hxg5 hxg5) 20... Rxc3
21. fxe4 f4 22. Re2 Ra3 23. Kb2 Ra5 24. c4 Rc5 25. Kb3 Rac8 26. Rc2 a5 27. Rb7+
Ke6 28. Rxh7 Ke5 29. Rd7 1-0

[Event "GER-ch 71st"]
[Site "Altenkirchen"]
[Date "1999.11.18"]
[Round "7"]
[White "Kersten, Uwe"]
[Black "Gutman, Lev"]
[Result "0-1"]
[WhiteElo "2366"]
[BlackElo "2471"]
[Annotator "Gutman,L"]
[PlyCount "72"]
[EventDate "1999.11.12"]
[EventType "swiss"]
[EventRounds "9"]
[EventCountry "GER"]
[SourceTitle "CBM 074"]
[Source "ChessBase"]
[SourceDate "2000.02.01"]
[SourceVersion "1"]
[SourceVersionDate "2000.02.01"]
[SourceQuality "1"]

1. e4 c5 2. Nf3 d6 3. d4 cxd4 4. Nxd4 Nf6 5. Nc3 a6 6. Bg5 {Kersten bevorzugt
meistens andere Fortsetzungen. Er hat sich auf Basis meiner Partien in der
Datenbank vorbereitet, aber ob das reicht eine so komplizierte Variante zu
spielen?} e6 7. f4 Qb6 {Ich spiele fast alle Varianten im Najdorf, nur gegen
diesen Zug, hatte ich - nach einer Niederlage vor ungefähr 30 Jahren - eine
gewisse Abneigung. Damit aber war die Überraschung perfekt.} 8. Qd2 Nc6 9. Bxf6
({John Nunn gibt} 9. O-O-O Nxd4 10. Qxd4 Qxd4 11. Rxd4 {mit der
Schlussfolgerung "in den späten 50er Jahren hat man festgestellt, dass Schwarz
in diesem Endspiel unter Druck steht. Ich glaube, Schwarz kann sich halten;
auf jeden Fall sind die enstehenden Stellungen für einen Angrifspieler nicht
unbedingt von Vorteil.} Bd7 $5 (11... h6 12. Bxf6 gxf6 13. Na4 Bd7 14. Nb6 Rd8
15. Nxd7 Rxd7 {mit Ausgleich,Kengis-Jermolinsky,Jurmala 1983}) 12. Bc4 h6 13.
Bxf6 (13. Bh4 Be7 14. e5 $6 dxe5 15. fxe5 Bc5 16. Rd3 Ng4 17. Re1 Rc8 {ergab
durch Zugumstellung besseres Spiel für Schwarz, Rytschagov-Gavrikov,Tallin 1998
}) 13... gxf6 14. Rhd1 Rc8 {könnte mich zufriedenstellen können.}) 9... gxf6
10. Nb3 {Laut Nunn steht die schwarze Dame nun schlecht auf b6 und muss wieder
nach c7, weil das schwarze Gegenspiel verbunden ist mit b7-b5; der Zeitverlust
gibt Weiß die besseren Aussichten. Da stimmt aber alles nicht: b7-b5 ist der
falsche Plan; mit dem König im Zentrum hat Schwarz keine rosigen Perspektiven.}
Bd7 11. O-O-O O-O-O 12. Be2 h5 $1 (12... Rg8 $6 {ist bei Nunn zu finden,} 13.
Bh5 Rg7 14. Kb1 Be7 15. g3 Kb8 16. Qe2 Rc8 17. Rd3 Na5 18. Nxa5 Qxa5 19. Qd1 {
mit besserem Spiel für Weiß, Brodsky -Jansen, Porz 1993.}) 13. Kb1 Kb8 14. Rhf1
Be7 15. Rf3 Rc8 $6 (15... Rdg8 $1 {ist genauer, um} 16. Bf1 {mit 16. ...} Rc8 {
zu beantworten.}) 16. Rh3 Na5 $5 (16... h4 {bringt nichts wegen} 17. Qe1) 17.
Bxh5 (17. Rxh5 $5 {ist vorsichtiger, 17. ...} Nc4 18. Qd3 (18. Qd4 Qxd4 19.
Rxd4 Ne3 20. g3 Rxh5 21. Bxh5 Rh8 22. Bxf7 Rxh2 {ergibt Ausgleich}) 18... Rxh5
19. Bxh5 Ne3 20. Rh1 $5 Be8 21. g3 a5 22. Re1 Nc4 23. Qd4 Qb4 {und Schwarz hat
ausreichende Kompensation für den Bauern.}) 17... Nc4 18. Qe1 $6 ({Das ist
schon zu optimistisch,} 18. Qd4 Qc7 {mit etwa gleichen Chancen.}) 18... d5 $1
19. exd5 Bb4 20. g4 e5 21. fxe5 $2 (21. f5 a5 22. Qg1 (22. a4 Bxc3 23. Rxc3
Bxa4 {mit schwarzer Initiative}) 22... Bc5 (22... Qxg1 23. Rxg1 a4 24. Nc1 a3
25. bxa3 Nxa3+ 26. Kb2) 23. Qf1 Ne3 (23... Bd4 24. Rxd4 $1 exd4 25. Qf4+ Ka7
26. Qxd4 {überzeugt weniger}) 24. Nxc5 Qxc5 25. Rxe3 Qxe3 26. d6 Rc6 {und
Schwarz steht mindestens nicht schlechter.}) 21... Rxh5 22. Rxh5 Bxg4 23. Rh6 (
23. Qh4 Bxh5 24. Qxh5 Nxb2 25. Kxb2 Bxc3+ {führte zu schwarzem Vorteil.}) 23...
Bxd1 24. Rxf6 (24. Qxd1 $2 Bxc3 25. bxc3 Rg8 26. Rxf6 Rg1) 24... Bxc3 25. bxc3
Qe3 26. Qxe3 (26. Qxd1 $2 Qxc3 {und Weiß ist hilflos.}) 26... Nxe3 27. d6 Bxc2+
28. Kc1 Bxb3 29. axb3 Ng4 30. Rxf7 Nxe5 31. Re7 Rxc3+ 32. Kd2 (32. Kb2 Rc5)
32... Rd3+ 33. Kc2 Rd5 34. Re8+ Ka7 35. h4 Nc6 36. Re6 $2 Nd4+ {und Weiß gab
auf.} 0-1

[Event "FIDE World Cup-C"]
[Site "Hyderabad"]
[Date "2002.10.13"]
[Round "4"]
[White "Hamdouchi, Hicham"]
[Black "Xu, Jun"]
[Result "1-0"]
[WhiteElo "2593"]
[BlackElo "2643"]
[Annotator "Hecht,H"]
[PlyCount "81"]
[EventDate "2002.10.05"]
[EventType "tourn"]
[EventRounds "5"]
[EventCountry "IND"]
[EventCategory "16"]
[SourceTitle "CBM 092"]
[Source "ChessBase"]
[SourceDate "2003.02.06"]
[SourceVersion "1"]
[SourceVersionDate "2003.02.06"]
[SourceQuality "1"]

1. e4 c5 2. Nf3 d6 3. d4 cxd4 4. Nxd4 Nf6 5. Nc3 Nc6 6. Bg5 Qb6 7. Nb3 e6 8.
Qe2 Be7 9. O-O-O a6 10. Be3 Qc7 11. g4 b5 12. f4 Bb7 13. g5 Nd7 14. Qf2 Na5 15.
Bd3 Nxb3+ 16. axb3 Nc5 17. Kb1 Nxd3 18. cxd3 d5 19. Rhe1 dxe4 20. dxe4 O-O 21.
f5 exf5 22. exf5 Bb4 23. Bd4 Rad8 24. Qh4 Bxc3 25. bxc3 Qc8 26. f6 Rfe8 27.
fxg7 b4 28. Kb2 bxc3+ 29. Bxc3 Rxd1 30. Rxd1 Re2+ 31. Rd2 Rxd2+ 32. Bxd2 Qe6 {
[#] Weiß läßt mehrmals klare bzw. schnellere Gewinnmöglichkeiten aus. Schwarz
steht mit schlechten Verteidigungszügen um nicht viel nach.} 33. Qb4 {[%cal
Rb4f8,Rb4b7]} Qe5+ 34. Ka2 ({Schneller gewann} 34. Bc3 $1 Qxh2+ 35. Ka3 Qb8 36.
g6 $1 $18) 34... Qb8 35. Bf4 Qa8 36. Be5 Bd5 37. Qe7 Be6 38. g6 $6 (38. Bd6
$142 $1 {[%cal Re7f8]} Kxg7 39. Qf6+ Kg8 40. Be5 Bxb3+ 41. Ka3 Qf8+ 42. Kxb3
$18 ({oder} 42. Kb2 $18)) 38... Qc8 $2 (38... h6 $142 {was die Stellung
geschlossen hält}) 39. gxh7+ $6 (39. Qf8+ $142 $1 Qxf8 40. gxh7+) 39... Kxh7
40. Kb2 Qa8 $4 {Die Dame muss gedeckt bleiben.} (40... Kg8 $8 41. Qh4 f5) 41.
Qh4+ (41. Qf8 $142 $1) (41. Qh4+ Kg6 42. Qh8 Qg2+ 43. Ka3 $18) 1-0

[Event "EU-chT (Men) 11th"]
[Site "Pula"]
[Date "1997.05.??"]
[Round "3.2"]
[White "Sulskis, Sarunas"]
[Black "Gallagher, Joseph G"]
[Result "1-0"]
[WhiteElo "2525"]
[BlackElo "2545"]
[Annotator "Hecht,H"]
[PlyCount "151"]
[EventDate "1997.05.05"]
[EventType "team-swiss"]
[EventRounds "9"]
[EventCountry "CRO"]
[SourceTitle "CBM 057 Extra"]
[Source "ChessBase"]
[SourceDate "1997.05.01"]
[SourceVersion "1"]
[SourceVersionDate "1997.05.01"]
[SourceQuality "1"]
[WhiteTeam "Lithuania"]
[BlackTeam "Switzerland"]
[WhiteTeamCountry "LTU"]
[BlackTeamCountry "SUI"]

1. e4 c5 2. Nf3 d6 3. d4 cxd4 4. Nxd4 Nf6 5. Nc3 a6 6. Bg5 Nc6 7. Bxf6 gxf6 8.
Qd2 Qb6 9. Nb3 e6 10. O-O-O Bd7 11. f4 O-O-O 12. Be2 h5 13. Rhf1 Kb8 14. Kb1
Be7 15. Bf3 h4 16. Qe1 Na7 17. e5 Bc6 18. Bxc6 Nxc6 19. exd6 Rxd6 20. Rxd6 Bxd6
21. Ne4 Be7 22. f5 exf5 23. Rxf5 Rg8 24. Qf1 Qc7 25. h3 Qh2 26. Rf2 Qe5 27.
Ned2 Qg3 28. a3 Ne5 29. Ka2 Qg6 30. Nc4 Nc6 31. Ne3 Qe4 32. Nf5 Bd8 33. Re2 Qd5
34. Rd2 Qe4 35. Nc5 Qe8 36. Qf3 Ka8 37. Rd7 Qe5 38. Rd5 Qc7 39. Rd7 Qe5 40. Rd5
Qc7 41. Nxh4 Be7 42. Rd7 Qe5 43. Nd3 Qe6+ 44. Qd5 f5 45. Nxf5 Qxd5+ 46. Rxd5
Rxg2 47. Rd7 Bd8 48. Nd4 Bb6 49. Nxc6 bxc6 {auf 8.Reihe abgeschnittener
schwarzer König bei einem weißen Mehrbauern.} 50. c4 Be3 51. Rxf7 Bd4 52. Kb3
Rg3 53. Kc2 Rxh3 54. Nb4 Rh6 55. b3 a5 56. Na6 Rh3 57. Nc7+ Kb8 58. Ne6 Rc3+
59. Kd2 c5 60. Nxc5 Rh3 61. Ne6 Bb2 62. c5 Bxa3 63. c6 Bb4+ 64. Ke2 Bd6 65. Rd7
Bh2 66. Rb7+ Kc8 67. Nd4 Rh6 68. Re7 Bg1 69. Ne6 Rh8 70. Kd3 Bh2 71. Kc4 Bd6
72. Rd7 Bb4 73. Kb5 Re8 74. Nf4 Kb8 75. Nd5 Re1 76. Rb7+ 1-0

[Event "Bundesliga 0203"]
[Site "Germany"]
[Date "2003.03.08"]
[Round "12.8"]
[White "Rudolf, Henrik"]
[Black "Joachim, Sven"]
[Result "0-1"]
[WhiteElo "2348"]
[BlackElo "2471"]
[Annotator "Hecht,H"]
[PlyCount "154"]
[EventDate "2002.10.19"]
[EventType "team-tourn"]
[EventRounds "15"]
[EventCountry "GER"]
[SourceTitle "CBM 094"]
[Source "ChessBase"]
[SourceDate "2003.05.26"]
[SourceVersion "1"]
[SourceVersionDate "2003.05.26"]
[SourceQuality "1"]
[WhiteTeam "Neukoelln"]
[BlackTeam "Werder Bremen"]
[WhiteTeamCountry "GER"]
[BlackTeamCountry "GER"]

1. e4 c5 2. Nf3 d6 3. d4 cxd4 4. Nxd4 Nf6 5. Nc3 a6 6. Bg5 e6 7. f4 Qb6 8. Qd2
Nc6 9. Bxf6 gxf6 10. Nb3 Bd7 11. O-O-O O-O-O 12. Be2 h5 13. Rhf1 Be7 14. Kb1
Kb8 15. Qe1 Rdg8 16. Bf3 Rc8 17. Qe2 Na5 18. Qf2 Qxf2 19. Rxf2 Nc4 20. Rd3 b5
21. a3 Kc7 22. Nd2 Na5 23. Ne2 Nc6 24. Nb3 Rb8 25. Ned4 Rb6 26. Rfd2 Bf8 27.
Nxc6 Bxc6 28. f5 Bh6 29. Rd1 Bf4 30. Nd4 Bd7 31. h4 Be5 32. Rh1 Kd8 33. g4 hxg4
34. Bxg4 Ke7 35. h5 Rbb8 36. Nf3 Rbg8 37. Nxe5 fxe5 38. f6+ Kxf6 39. Rxd6 Rxg4
40. Rxd7 Rxe4 41. Ra7 Rf4 42. Rxa6 e4 43. Ra5 e3 44. Re1 Rxh5 45. Rxe3 Ra4 46.
b4 Rxa5 47. bxa5 Ke7 48. a6 Rh4 49. Rb3 Ra4 50. Rxb5 Rxa6 {Freibauern auf
beiden Seiten} 51. Kb2 f5 52. c4 Kd6 53. Kc3 Rxa3+ 54. Kd4 Ra1 55. c5+ Ke7 56.
Rb7+ Kf6 57. c6 Rc1 58. Rc7 $2 (58. c7 $1 {verhindert die Rückkehr des
schwarzen Königs} f4 (58... Kg5 {[%cal Rg5f4]} 59. Ke5 Rc6 60. Ra7 Kg4 (60...
f4 61. Ra8 Rxc7 62. Rg8+ $11) 61. Ra4+ Kf3 62. Ra3+ Ke2 63. Ra2+ Kd3 64. Ra3+
Kc4 65. Rf3 $11) 59. Ke4 Rc4+ 60. Kd3 Rc5 61. Kd4 Rc6 62. Ke4 e5 $2 63. Rb6 $1
{Fesselungsmotiv}) 58... e5+ 59. Kd5 Rd1+ 60. Kc5 Ke6 (60... e4 $142) 61. Rc8
Rc1+ 62. Kb6 e4 63. c7 e3 64. Re8+ Kd6 65. Rxe3 $4 (65. c8=Q Rxc8 66. Rxc8 f4
67. Re8 Kd5 68. Kb5 Kd4 69. Kb4 Kd3 70. Rd8+ $1 (70. Kb3 $2 {verschleudert ein
wichtiges Tempo.} f3 71. Rd8+ Ke2 72. Kc3 f2 73. Rf8 f1=Q $19) 70... Ke2 71.
Kc3 f3 72. Rf8 f2 73. Kd4 $11 {das entscheidende Tempo für Remis}) 65... Rc6+
66. Kb5 Rxc7 {TABLEBASE: #30 Grund: der vertikal abgeschnittene weiße König
und der weit genug vorgerückte schwarze Freibauer, was eine Turmverteidigung
von vorn unmöglich macht.} 67. Re1 Kd5 68. Rd1+ Ke4 69. Re1+ Kd3 70. Rf1 Rf7
71. Kc5 f4 72. Kd5 Ke2 73. Ra1 f3 74. Ke4 f2 75. Ra2+ Kd1 76. Ra1+ Kd2 77. Ra2+
Kc3 0-1

[Event "UKR-ch"]
[Site "Ordzhonikidze"]
[Date "2001.09.09"]
[Round "2"]
[White "Mikhaletz, Lubomir"]
[Black "Miroshnichenko, Evgenij"]
[Result "1-0"]
[WhiteElo "2485"]
[BlackElo "2539"]
[Annotator "Hecht,H"]
[PlyCount "123"]
[EventDate "2001.09.08"]
[EventType "swiss"]
[EventRounds "9"]
[EventCountry "UKR"]
[SourceTitle "CBM 086"]
[Source "ChessBase"]
[SourceDate "2002.02.05"]
[SourceVersion "1"]
[SourceVersionDate "2002.02.05"]
[SourceQuality "1"]

1. e4 c5 2. Nf3 d6 3. d4 Nf6 4. Nc3 cxd4 5. Nxd4 Nc6 6. Bg5 Bd7 7. f3 a6 8. Qd2
Nxd4 9. Qxd4 Qa5 10. Be3 g6 11. b4 Qd8 12. Nd5 Bg7 13. Qb2 O-O 14. Bd4 Bc6 15.
Nxf6+ Bxf6 16. Bxf6 exf6 17. O-O-O Rc8 18. Qd4 Ba4 19. Bd3 Rc6 20. Kb2 Qc7 21.
Rc1 Rc8 22. c3 Bb5 23. Rhd1 Bc4 24. Bxc4 Rxc4 25. Qxf6 Rc6 26. Rd5 a5 27. b5
Rc5 28. Rxd6 Rxb5+ 29. Ka1 Re8 30. Rcd1 Rbe5 31. R1d3 b5 32. Rd7 Qc4 33. Rd8
R5e6 34. Qd4 Qc7 35. Qd7 Qe5 36. Kb1 Rxd8 37. Qxd8+ Re8 38. Qd6 Qg5 39. g3 Rc8
40. h4 Qh6 41. Qe7 Qf8 42. Qxf8+ Kxf8 43. Kb2 Ke7 44. a3 h5 {[#] Weißer
Mehrbauer. Plan: 1. der schwarze Turm wird passiv gestellt; 2.
Freibauernbildung am äußersten Königsflügel, was auch den schwarzen König
passiv stellt; 3. Bauernhebel am Damenflügel, was zur entscheidenden
Freibauernbildung führt (c-Bauer).} 45. Rd5 $1 Rb8 46. Kb3 $1 {macht a4
unwirksam} Ke6 47. g4 hxg4 48. fxg4 Kf6 49. h5 gxh5 50. gxh5 Kg7 51. Rc5 {
vorsorgliches Decken des c-Bauern} Rb7 52. a4 bxa4+ 53. Kxa4 Kh6 54. Kxa5 Re7
55. Rf5 $1 Kg7 (55... Rxe4 56. Kb5 {ändert nichts}) 56. c4 Rxe4 57. c5 Kf8 58.
c6 Ke7 59. Kb6 Kd8 60. h6 ({oder} 60. Rxf7 Rb4+ 61. Kc5 Rh4 62. h6 $18) 60...
Rb4+ 61. Rb5 Rh4 62. Kb7 1-0